Max's Country Quiz - Statistics

General Stats
  • This quiz has been taken 4 times
  • The average score is 40 of 196
Answer Stats
Hint Answer % Correct
Antique & Barbed Antigua & Barbuda
50%
Silver lady Argentina
50%
"The land down under" Australia
50%
Most populous country never to win a gold medal Bangladesh
50%
Trident flag Barbados
50%
Baby Russia Belarus
50%
English speaking in Latin America Belize
50%
Togo's sibling Benin
50%
Technically has a coastline Bosnia & Herzegovina
50%
Amazon Brazil
50%
Or is it a green cape? Cabo Verde
50%
Can anyone actually pronounce this French name as opposed to the boring english one? Côte d'Ivoire
50%
Marine iguanas Ecuador
50%
Nordic wannabe Estonia
50%
The land of the Swazis Eswatini
50%
Hindi, but oceanic Fiji
50%
Saunas and Suomi Finland
50%
Their largest border is actually with brazil France
50%
Like three countries have stolen its name and modified it just a bit Guinea
50%
Went to war with its baby brother over a soccer game Honduras
50%
Shares an island with three countries, and another two with two Indonesia
50%
I ran home trying to think Iran
50%
Usain Bolt Jamaica
50%
Named after a river Jordan
50%
Can anybody actually spell this one correctly or just rely on Jetpunk to hold their had? Kyrgyzstan
50%
Vietnam's little sibling Laos
50%
Avoided African colonialism (but not Ethiopia) Liberia
50%
Mediterranean paradise Malta
50%
Not Mauritius Mauritania
50%
Not Mauritania Mauritius
50%
Their tulip market had one of the first major market crashes in history Netherlands
50%
The fact that they need the prefix is stupid North Macedonia
50%
Closest Oceanic nation to mainland Asia (I think) Palau
50%
Has the most languages in the world Papua New Guinea
50%
Macchu Picchu Peru
50%
A Republic, but not a Democratic one Republic of Congo
50%
Dracula Romania
50%
Saint 3 Saint Vincent & Grenadines
50%
But not the American one Samoa
50%
oil oil oil oil oil oil Saudi Arabia
50%
Horn Somalia
50%
chocolate, watches, banks Switzerland
50%
Its to go! Togo
50%
Their president is a Jewish actor Ukraine
50%
Indoor skiing in their mall United Arab Emirates
50%
Two headed bird flag I think Albania
25%
African France Algeria
25%
Tries to be a Stan (but Azure) Azerbaijan
25%
We did a cruise here once Bahamas
25%
Only technically shares a land border with Saudi Arabia Bahrain
25%
Atrocities in the DRC Belgium
25%
The only Buddhist majority country I think Bhutan
25%
Rwanda's little sibling Burundi
25%
Camera Cameroon
25%
Can a dancer dance? Canada
25%
Cars go vroom. Central African Republic
25%
Toothpick Chile
25%
No longer the biggest China
25%
Drugs & bananas & coffee & major US ally Colombia
25%
Dad wanted to go on vacation here Costa Rica
25%
Built a bridge, kind of breaking its neighbor's only sea access Croatia
25%
Is split between itself and its east self Cyprus
25%
Doesn't really live up to its name Democratic Republic of Congo
25%
Pyramids Egypt
25%
Massive crime crackdown and cryptocurrency El Salvador
25%
North Korea of Africa Eritrea
25%
Tigrayan ethnic cleansing Ethiopia
25%
Horizontal Chile Gambia
25%
Used to be called the Gold Coast Ghana
25%
"You can copy my name, but change it just a bit" Guinea-Bissau
25%
Is this place really big enough to qualify as a country? Holy See
25%
It eats others Hungary
25%
Used to position itself as the protector of Sunni Muslims Iraq
25%
How many warcrimes do they have at this point while retaining Western support? Israel
25%
Embarrassed themselves against Ethiopia before getting revenge Italy
25%
Westernmost country (not counting USA and maybe Russia) Kiribati
25%
Sandwiched between older sibling to south and younger sibling to the south Latvia
25%
Timbuktu Mali
25%
Colonel Isles Marshall Islands
25%
Small polynesia Micronesia
25%
Racing Monaco
25%
Is regularly forgotten from maps New Zealand
25%
You accidentally type this one when trying to enter another country Niger
25%
6th most populous country Nigeria
25%
European oil (but not Russia) Norway
25%
Only Middle Eastern sultanate remaining Oman
25%
Half the letters are As Panama
25%
Spain to America to Japan to Free Philippines
25%
Europe's battleground Poland
25%
Brazil, Angola, Mozambique, Cape Verde, Sao Tome Portugal
25%
Saint 1 Saint Kitts & Nevis
25%
Saint 2 Saint Lucia
25%
Only independent because they hosted their would be conquerer in the past San Marino
25%
Cassie's favorite obscure country Sao Tome & Principe
25%
Another country steals the land around the river Senegal
25%
Most distant African island Seychelles
25%
Lion Sierra Leone
25%
Bohr wars South Africa
25%
Baby country that's really struggling South Sudan
25%
Ceylon Sri Lanka
25%
Including this as a country will draw some hate State of Palestine
25%
Darfur genocide Sudan
25%
Most forgettable Stan Tajikistan
25%
Its pronounce "t" not "th" Thailand
25%
Only country to make meaningful progress during the Arab Springs Tunisia
25%
Controls some territory in Syria around an ancient tomb Turkey
25%
2nd smallest country Tuvalu
25%
The sun never set on their empire (until it did) United Kingdom
25%
Southernmost northernmost point Uruguay
25%
Most populous Stan (not counting Afghanistan and Pakistan) Uzbekistan
25%
Islands make a bit of a Y shape Vanuatu
25%
Has the world's tallest waterfall and perpetual thunderstorm Venezuela
25%
Korea 2.0 Vietnam
25%
Zumba Zambia
25%
Is the other side of China's smallest border Afghanistan
0%
Old papal state Andorra
0%
African country that Cuba helped Angola
0%
Was completely abandoned by Russia last year Armenia
0%
The first victim of Nazi Germany Austria
0%
Used to have ocean access (and is still salty about it) Bolivia
0%
Elephant infestation Botswana
0%
Baby sultanate Brunei
0%
Randomly rectangular (but with a BULGE *winkwink*) Bulgaria
0%
Most obscure West African country Burkina Faso
0%
Fastest population decline ever Cambodia
0%
Dude Chad
0%
Has 3 main islands (I think) Comoros
0%
I have done so much research on this country for AP Spanish Language and Culture Cuba
0%
Was Nazi Germany's second victim Czech Republic
0%
Is tiny or huge depending on how you count Denmark
0%
It had my favorite flag when I was like 4 Djibouti
0%
Child of its republic version Dominica
0%
It's brother and only neighbor just more or less died Dominican Republic
0%
Tiny African country with oil reserves Equatorial Guinea
0%
No bag Gabon
0%
Wants to join EU, but Russian corruption stops it Georgia
0%
Rome kind of failed to conquer them Germany
0%
In a massive current debate about its territorial waters around various islands Greece
0%
Explosive but Spanish Grenada
0%
Was overthrown by the US after government tried to reclaim land from the banana plantations Guatemala
0%
Wannabe Guinea Guyana
0%
Does this place really still have enough of a government to qualify as a country? Haiti
0%
Is the location of the newest piece of land Iceland
0%
Home of the Sikhs India
0%
The primary exporter of priests for most of modern history Ireland
0%
We're so pretty you can just forget our warcrimes Japan
0%
Has world's largest space port Kazakhstan
0%
Offered to lead a task force into Haiti Kenya
0%
Needed bailing out from the west twice Kuwait
0%
Hezbolla Lebanon
0%
8th southernmost country Lesotho
0%
More pyramids Libya
0%
Has accidentally been invaded how many times at this point Liechtenstein
0%
Separates Russia and Kaliningrad Lithuania
0%
Uber high GDP per capita, but can actually be seen on a map Luxembourg
0%
More Polynesian than African despite being in Africa Madagascar
0%
Baby Chile Malawi
0%
Divided into two parts of roughly equal size Malaysia
0%
Their capital city is the most densely populated city in the world Maldives
0%
Was ruled by an Austrian emporer for a bit (but not in Europe) Mexico
0%
Has a bit of a problem called Transnistria Moldova
0%
Kind of pathetic compared to their historical empire TBH Mongolia
0%
Looks a lot like Kosovo Montenegro
0%
Different maps will draw it as full or half size Morocco
0%
I did my Junk Kouture project on this country Mozambique
0%
Aun Sang Sun Kyi is still imprisoned here Myanmar
0%
Least densely populated in Sub Saharan Africa Namibia
0%
Had the highest GDP per capita at a time because of phosforous Nauru
0%
Home to the Masters of the Mystics Arts (Marvel) Nepal
0%
Could have had a canal Nicaragua
0%
The North Korea of South, Southeast, and East Asia North Korea
0%
Helped the Taliban only for it to backfire in the most predictable way ever. Pakistan
0%
Declared war on 3 countries despite being 3% of their size Paraguay
0%
Guitar Qatar
0%
Kicked Prussia's ass until the new leader said "no we're cool" and gave back all of the land Russia
0%
Secretly conquering parts of the DRC Rwanda
0%
The most Russia friendly European country (after Belarus) Serbia
0%
Has the 2nd busiest port in the world Singapore
0%
Second party in an amicable divorce with their neighbor Slovakia
0%
Most chill former Yugoslav Republic Slovenia
0%
Named after a mythical king Solomon Islands
0%
Had the longest unbroken chain of slavery South Korea
0%
Was stupidly wealthy before blowing it all on a war with the Netherlands Spain
0%
Randomly lowly dense in South America Suriname
0%
Its own national language is also its most popular duolingo course Sweden
0%
Ahmed al-Sharaa is the new leader Syria
0%
Their silicon sheild Taiwan
0%
Least guessed of the 24 most populous countries Tanzania
0%
Most Christian nation (after the Vatican) Timor-Leste
0%
Has a famous agnot Tonga
0%
Southernmost country in the Lesser Antilles Trinidad & Tobago
0%
The other North Korea of Asia Turkmenistan
0%
Silhouettes can't decide whether to include the lake Uganda
0%
Home to the Nacirema people United States
0%
Control north of the Strait of Hormuz Yemen
0%
Famously useless currency Zimbabwe
0%
No matching quizzes found
Score Distribution
Percent of People with Each Score
Percentile by Number Answered
Your Score History
You have not taken this quiz